000 00413nam a2200169Ia 4500
001 19653
003 IN-NITTTR
005 20251114233226.0
008 251113s9999||||xx |||||||||||||| ||eng||
040 _beng
040 _cIN-NITTTR
041 _aeng
082 _a302.2 R211I
100 _aRay, Blair Spencer
245 0 _aIntroduction to professional communication. /
_cRay, Blair Spencer
942 _2ddc
_cBK
999 _c22287
_d22287